=LDR 00000nam 2200000 4500 =001 INLIS000000000049116 =005 20230227121452 =035 ##$$a 0010-011700000000397 =008 230227################g##########0#ind## =020 ##$$a 978-602-8975-74-2 =040 ##$$a NBPMAT =082 ##$$a R. 297 .510 3 =090 ##$$a 297 .510 3 Mub e =100 ##$$a Mubasysyiroh Binti Mahrus Ali =245 1#$$a Ensiklopedi 1000 Nasihat Para Ulama /$c Mubasysyroh binti Mahrus Ali ; editor Abu Afifah =260 ##$$a Solo :$b Zamzam,$c 2015 =300 ##$$a 320 hlm . ; $c 23 x 15 cm. =500 ##$$a biblografi : hlm .318-320 =650 #4$$a Akhlak - Ensiklopedia =700 #$$a Abu Afifah =084 ##$$a R. 297 .510 3 MUB e =250 ##$$a cet. 1 =990 ##$$a 21602610 =990 ##$$a 21602611 =990 ##$$a 21602612 =990 ##$$a 21602613 =990 ##$$a 21602614